Aktuální problémy cestovního ruchu [recenzovaný] sborník z 10. mezinárodní konference : cestovní ruch: vývoj - změny - perspektivy : Jihlava 25. - 26. února 2015
Guardado en:
| Autores Corporativos: | , , |
|---|---|
| Otros Autores: | , |
| Formato: | Libro |
| Lenguaje: | checo inglés |
| Publicado: |
Jihlava
Vysoká škola polytechnická Jihlava
2015
|
| Edición: | 1st ed. |
| Materias: | |
| Etiquetas: |
Sin Etiquetas, Sea el primero en etiquetar este registro!
|
MARC
| LEADER | 00000nlm a2200000 4500 | ||
|---|---|---|---|
| 001 | 0212342 | ||
| 005 | 20240502125058.3 | ||
| 020 | |a 978-80-88064-09-1 | ||
| 041 | 0 | |a cze | |
| 041 | 0 | |a eng | |
| 044 | |a CZ | ||
| 245 | 1 | 0 | |a Aktuální problémy cestovního ruchu |b [recenzovaný] sborník z 10. mezinárodní konference : cestovní ruch: vývoj - změny - perspektivy : Jihlava 25. - 26. února 2015 |c editoři/editors: Stanislava Pachrová, Martina Doležalová |
| 250 | |a 1st ed. | ||
| 264 | 1 | |a Jihlava |b Vysoká škola polytechnická Jihlava |c 2015 | |
| 300 | |a online [542 s.] | ||
| 610 | 2 | 0 | |a ruch cestovný |
| 610 | 2 | 0 | |a štýl životný |
| 610 | 2 | 0 | |a gastronómia |
| 610 | 2 | 0 | |a značky |
| 610 | 2 | 0 | |a imidž |
| 610 | 2 | 0 | |a riadenie kvality |
| 610 | 2 | 0 | |a správanie spotrebiteľa |
| 610 | 2 | 0 | |a technológie informačné |
| 610 | 2 | 0 | |a zodpovednosť spoločenská |
| 610 | 2 | 0 | |a vzdelávanie |
| 610 | 2 | 0 | |a výskum |
| 700 | 1 | |a Pachrová, Stanislava | |
| 700 | 1 | |a Doležalová, Martina, 1973- | |
| 110 | 2 | |a Aktuální problémy cestovního ruchu : cestovní ruch: vývoj - změny - perspektivy. Mezinárodní konference | |
| 710 | 2 | |a Vysoká škola polytechnická Jihlava. Katedra cestovního ruchu | |
| 710 | 2 | |a Vysočina Tourism | |